| 000 | 00755nam a22002177a 4500 | ||
|---|---|---|---|
| 999 |
_c7293 _d7293 |
||
| 003 | AR-CdUCM | ||
| 008 | 190320b ||||| |||| 00| 0 spa d | ||
| 040 |
_aMUNICIPALIDAD PROVINCIAL DEL CUSCO _cBIBLIOTECA MUNICIPAL DEL CUSCO |
||
| 082 |
_a169 / _bL84 |
||
| 100 |
_aLorenzen, Paul _920565 |
||
| 245 | _aLogica formal / | ||
| 260 |
_aMadrid : _bSelecciones gráficas, _c1970. |
||
| 300 |
_a159 páginas ; _c22 cm. |
||
| 505 | _aContenido : Silogística -- Lógica clásica de juntores -- Cálculos de la lógica de juntores -- Lógica efectiva de juntores -- Lógica de cuantores ... | ||
| 650 |
_aLógica _92358 |
||
| 650 |
_aFormal _920566 |
||
| 650 |
_aClásica _99033 |
||
| 700 |
_aOchoa Melida, Juan _920567 |
||
| 942 |
_2ddc _cLIBROS |
||
| 945 | _arah | ||